00449nam a22001457a 4500008004100000020001500041040001500056050002600071100002300097245006300120260004500183300001500228650003700243700002300280161006b xxu||||| |||| 00| 0 eng d a0803279841 aKABUcKABU aML3845b.L57 1999 C.1 aLippman, Edward A. aMusiccEdward A. Lippman introduction by Christopher Hatch aUSAbUniversity of Nerbraska pressc1999 axi, 249 p. 2MusicxPhilosophy and aesthetics aHatch, Christopher